| 000 | 01445cam a22003014a 4500 | ||
|---|---|---|---|
| 001 | 13922545 | ||
| 005 | 20210414113845.0 | ||
| 008 | 050406s2005 maua b 001 0 eng | ||
| 010 | _a 2005047638 | ||
| 020 | _a0205457959 | ||
| 040 |
_aDLC _cDLC _dDLC |
||
| 042 | _apcc | ||
| 050 | 0 | 0 | _aBF121.W656 |
| 082 | 0 | 0 |
_a150 _222 |
| 100 | 1 | _aWood, Samuel E. | |
| 245 | 1 | 0 |
_aMastering the world of psychology / _cSamuel E. Wood, Ellen Green Wood, Denise Boyd. |
| 250 | _a2nd ed. | ||
| 260 |
_aBoston : _bPearson/Allyn and Bacon, _cc2006. |
||
| 300 |
_axxviii, 454, [149] p. : _bcol. ill. ; _c28 cm. |
||
| 504 | _aIncludes bibliographical references (p. R1-R47) and indexes. | ||
| 505 | _aContents: Introduction to psychology -- Biology and behavior -- Sensation and perception -- States of consciousness -- Learning -- Memory -- Cognition, language, and intelligence -- Human development -- Motivation, emotion and human sexuality -- Health and stress -- Personality theory and assessment -- Psychological disorders -- Therapies -- Social psychology -- Appendix: Statistical methods -- Answers to study guides AN-1 -- Practice tests P-1 | ||
| 650 | 0 |
_aPsychology _vTextbooks. |
|
| 700 | 1 | _aWood, Ellen R. Green. | |
| 700 | 1 | _aBoyd, Denise Roberts. | |
| 906 |
_a7 _bcbc _corignew _d1 _eocip _f20 _gy-gencatlg |
||
| 942 |
_2lcc _cBK |
||
| 999 |
_c101 _d7601 |
||